El estudio y la rueca : de las mujeres, de la filosofía, etcétera /

Gorde:
Xehetasun bibliografikoak
Egile nagusia: Le Doeuff, Michèle (autor)
Formatua: Liburua
Hizkuntza:gaztelania
Argitaratua: Madrid, España : Cátedra, 1993, c1993
Saila:(Feminismos ; 11)
Gaiak:
Etiketak: Etiketa erantsi
Etiketarik gabe, Izan zaitez lehena erregistro honi etiketa jartzen!

MARC

LEADER 00000nam^a2200000^a^4500
001 000182967
005 20250808200757.0
009 20260310102024.445
020 |a 84-376-0858-9 
037 |a Acervo ITESO - Biblioteca 
041 |a ESP 
082 |a 305. 42  |b CAT V. 11 
100 |a Le Doeuff, Michèle  |e (autor) 
245 1 3 |a El estudio y la rueca :  |b de las mujeres, de la filosofía, etcétera /  |c M. Le Doeuff ; pról. y tr. por Oliva Blanco Corujo. 
264 4 |a Madrid, España :  |b Cátedra,  |c 1993, c1993 
300 |a 473 p. 
336 |a texto  |b txt  |2 rdacontenido 
337 |a sin mediación  |b n  |2 rdamedio 
338 |a volumen  |b nc  |2 rdasoporte 
440 1 |a (Feminismos ;  |v 11) 
500 |a Traducción de: L'étude et le rouet. Des femmes, de la philosophie, etc. 
649 |a XX 
650 |a Filósofos Franceses 
650 |a Mujeres Francesas 
650 |a Feminismo -  |z Francia -  |x Historia -  |y Quinta República, 1958 en Adelante 
650 |a Feminismo -  |x Filosofía 
650 |a Feminismo -  |x Tema Principal 
650 |a Existencialismo Ateo -  |x Historia y Crítica 
650 |a Filosofía del Siglo XX -  |x Historia y Crítica 
650 |a Filosofía Francesa -  |x Historia y Crítica 
650 |a Beauvoir, Simone de -  |x Tema Principal 
650 |a Sartre, Jean-Paul -  |x Tema Principal 
910 |a Fondo General 
920 |a Impresos - Libros 
930 |a Colección General 
905 |a 101 
901 |a 0500122992  |b IT1  |c ACC  |u 20250521 
902 |a https://opac.biblio.iteso.mx/vufind/Record/000182967